000 00301nam a2200121 4500
008 230704b xxu||||| |||| 00| 0 eng d
020 _a010546872X
082 _a343.42
_bHMS
245 _aEuropean Communities Act 1972
260 _bHer Majesty's Stationery's Office
300 _a37p
942 _2ddc
_cBK
999 _c3662
_d3662